| 000 | 01200nam a2200289 4500 | ||
|---|---|---|---|
| 001 | 0000017495 | ||
| 003 | CO-CtgCURN | ||
| 005 | 20250826223709.0 | ||
| 008 | 160627s1999 000 0 eng d | ||
| 020 | _a958676088X | ||
| 040 |
_aCO-CtgCURN _bspa _ccoctgcurn |
||
| 082 | 0 |
_a343.6 _bC17r |
|
| 100 | 1 | _aCastro de Arenas, Rosa Herminia. | |
| 245 | 1 | 3 |
_aLa revolucion genetica y sus implicaciones etico jurídicos / _cRosa Herminia, Castro de Arenas. |
| 260 |
_aBogotá : _bDoctrina y Ley, _c1999. |
||
| 300 | _a267 p. | ||
| 336 | _2rdacontent | ||
| 337 |
_2rdamedia _asin mediacion _bn |
||
| 338 |
_2rdacarrier _avolumen _bnc |
||
| 500 | _aIncluye Anexos. | ||
| 504 | _aBibliografia (p. 263-267) | ||
| 505 | 8 | _aAvances cientificos en reproducción humana con asistencia cientifica.-- Grandes logros.--Marco general de estos grandes cambios.--La estabilidad perdida.--El redecho como un obstaculo para el cambio.-- Las patentes y la vida.--Genetica y derecho.--Elementos para una discusion | |
| 650 | 0 |
_aReproducción humana _vAspectos morales. |
|
| 908 | _a160627 | ||
| 942 |
_cBK _h343.6 _iC17r _2ddc |
||
| 999 |
_c49674 _d49674 _x2 |
||